<?xml version="1.0" encoding="UTF-8"?>
<marc:record xmlns:marc="http://www.loc.gov/MARC21/slim">
   <marc:leader>00000nam a2200000 a 4500</marc:leader>
   <marc:datafield ind1="1" ind2=" " tag="100">
      <marc:subfield code="a">Pancol, Katherine</marc:subfield>
      <marc:subfield code="4">aut</marc:subfield>
      <marc:subfield code="e">Verfasser/-in</marc:subfield>
   </marc:datafield>
   <marc:datafield ind1="0" ind2="0" tag="245">
      <marc:subfield code="a">Der langsame Walzer der Schildkröten</marc:subfield>
   </marc:datafield>
   <marc:datafield ind1="0" ind2="0" tag="245">
      <marc:subfield code="b">Roman</marc:subfield>
   </marc:datafield>
   <marc:datafield ind1=" " ind2="1" tag="264">
      <marc:subfield code="b">C. Bertelsmann</marc:subfield>
      <marc:subfield code="c">2012</marc:subfield>
   </marc:datafield>
   <marc:datafield ind1="1" ind2=" " tag="520">
      <marc:subfield code="a">Joséphine, die bescheidene Heldin, tritt aus dem Schatten der schönen Schwester Iris und kann auch in ein nobles Viertel von Paris ziehen. Die Tochter Hortense geht an eine Modeschule in London, und die jüngere Tochter Zoé ist zum ersten Mal so richtig verliebt. Könnte da nicht auch der attraktive Monsieur Lefloc-Pignel der ideale Liebhaber für Joséphine sein? Oder findet er ihre Schwester Iris interessanter?
</marc:subfield>
   </marc:datafield>
   <marc:datafield ind1=" " ind2=" " tag="020">
      <marc:subfield code="a">9783570101179</marc:subfield>
      <marc:subfield code="9">9783570101179</marc:subfield>
   </marc:datafield>
</marc:record>
